00998nam a2200253 a 4500999001500000001000600015003000900021005001700030008004100047020001500088040003800103082002100141100002200162245016500184250001200349260003700361300002400398504005100422650003600473650004200509651004100551942001500592952013700607 c1265d126513102BD-DhUAP20200204142745.0200204s2009 bg b 001 0 eng d a9893101081 aBD-DhUAPbEngcBD-DhUAPdBD-DhUAP00a342.5492 HAL2231 aHalim, Md. Abdul.10aConstitution, constitutional law and politics :bBangladesh perspective : a comparative study of problems of constitutionalism in Bangladesh /cMd. Abdul Halim. a5th ed. aDhaka :bCCB foundation,cc2012. a543 pages ;c22 cm. aIncludes bibliographical references and index. 0aConstitutional lawzBangladesh. 0aConstitutional amendmentszBangladesh 0aBangladeshxPolitics and government.00012ddccBK 00102ddc4070aUAPCLbUAPCLcGeneral Stacksd2020-02-04l6m1o342.5492 HALp3010013102r2025-08-07s2025-07-17t1w2020-02-04yBK